|
|
|
|
| LEADER |
01582nam a2200409Ia 4500 |
| 001 |
EBC3018287 |
| 003 |
MiAaPQ |
| 005 |
20200520144314.0 |
| 006 |
m o d | |
| 007 |
cr cn||||||||| |
| 008 |
090309s2009 nyua sb 001 0 eng d |
| 010 |
|
|
|z 2009010238
|
| 020 |
|
|
|z 1606928805 (hardcover : alk. paper)
|
| 020 |
|
|
|z 9781606928806 (hardcover : alk. paper)
|
| 020 |
|
|
|z 9781608767939
|
| 035 |
|
|
|a (MiAaPQ)EBC3018287
|
| 035 |
|
|
|a (Au-PeEL)EBL3018287
|
| 035 |
|
|
|a (CaPaEBR)ebr10660148
|
| 035 |
|
|
|a (OCoLC)847649970
|
| 040 |
|
|
|a MiAaPQ
|c MiAaPQ
|d MiAaPQ
|
| 050 |
|
4 |
|a DK857.75.R8
|b P38 2009
|
| 082 |
0 |
4 |
|a 303.48/247058
|2 22
|
| 082 |
0 |
4 |
|a 303.48/247058
|2 23
|
| 100 |
1 |
|
|a Paramonov, Vladimir.
|
| 245 |
1 |
0 |
|a Russia in Central Asia
|h [electronic resource] :
|b policy, security, and economics /
|c Vladimir Paramonov, Aleksey Strokov, and Oleg Stolpovski.
|
| 260 |
|
|
|a New York :
|b Nova Science Publishers,
|c c2009.
|
| 300 |
|
|
|a xvii, 118 p. :
|b ill.
|
| 504 |
|
|
|a Includes bibliographical references and index.
|
| 533 |
|
|
|a Electronic reproduction. Ann Arbor, MI : ProQuest, 2015. Available via World Wide Web. Access may be limited to ProQuest affiliated libraries.
|
| 650 |
|
0 |
|a International relations.
|
| 651 |
|
0 |
|a Russia (Federation)
|x Relations
|z Asia, Central.
|
| 651 |
|
0 |
|a Asia, Central
|x Relations
|z Russia (Federation)
|
| 655 |
|
4 |
|a Electronic books.
|
| 700 |
1 |
|
|a Strokov, Aleksey.
|
| 700 |
1 |
|
|a Stolpovski, Oleg.
|
| 710 |
2 |
|
|a ProQuest (Firm)
|
| 856 |
4 |
0 |
|u https://ebookcentral.proquest.com/lib/matrademy/detail.action?docID=3018287
|z Click to View
|